000
00478nam a2200145Ia 4500
008
100204s9999 xx 000 0 und d
082
_b
14983
100
_a
सोनवणी संजय
245
_a
अखेरचा सम्राट
260
_b
"शब्एसन्मान प्रकाशन , पुणे"
_c
1991
300
_a
250
630
_a
अखेरचा सम्राट
730
_a
अखेरचा सम्राट
942
_c
BOOK
999
_c
459414
_d
459411